| 000 | 00611nam a2200181 i 4500 | ||
|---|---|---|---|
| 001 | 16402 | ||
| 003 | ES-MaACL | ||
| 007 | t| | ||
| 008 | 000913s1989 cu ||||1| spa d | ||
| 080 | _a821.134.2(729.1)-82"19" | ||
| 100 | 1 |
_aMarinello, Juan. _976841 |
|
| 245 | 1 | 0 |
_aCuba _b: cultura / _cJuan Marinello ; compilación, selección, notas Ana Suárez Díaz ; prólogo José Antonio Portuondo. |
| 260 |
_aLa Habana : _bLetras Cubanas, _c1989. |
||
| 300 |
_aXX, 580 p. ; _c24 cm. |
||
| 700 | 1 |
_aSuárez Díaz, Ana. _9108614 |
|
| 700 | 1 |
_aPortuondo, José Antonio. _993302 |
|
| 852 |
_aES-MaACL _jG-2144 _bR.118101 |
||
| 999 |
_c16402 _d16402 |
||